000 00666nam a2200265Ia 4500
005 20260121170026.0
008 008 260114s9999 xx 000 0 eng d
020 _a9781493963492
037 _aEBOOK
040 _aCRL
040 _beng
040 _cCRL
041 _2eng
041 _aeng
084 _qCRL
100 _aAdrienne Garro
_91058881
245 0 _aEarly Childhood Assessment in School and Clinical Child Psychology
260 _bSpringer
260 _bSpringer
260 _c2016
856 _uhttps://link.springer.com/openurl?genre=book&isbn=978-1-4939-6349-2
942 _cEBOOK
999 _c1624610
_d1624610